00591nam a2200217Ia 4500001000700000003000500007008004100012010001100053020001800064040000900082082001500091100002600106245009500132260003200227300001500259503001700274650001200291650002300303650001400326650003300340Z_1555CHAP220113s9999 xx 000 0 und d a164643 a9-06193-598-9 cCHAP a633.31 L47 aLesins, Karlis Adolfs aGenus Medicago (Leguminosae): a taxogenetics study /cKarlis Adolfs Lesins y Irma Lesins aNetherlands :bJunk,c  axi, 228 p. aej.1: 168165 aAlfalfa aGenética vegetal aLegumbres aPlantas xx Clasificasión